000 00872nam a22002057a 4500
003 OSt
005 20250212084936.0
008 241004b |||||||| |||| 00| 0 eng d
040 _c0
100 _a Fondevilla, Rocky III J.
_eauthor.
_962285
245 _aExport quality identifier device for khadsari sugar (mucovado) through digital image processing using raspberry pi 4 /
_cRocky III J. Fondevilla, Ruin Garcia, Anthony Jay Pelayo, and Darvin M. Taghoy.
260 _aPhilippines ;
_bUniversity of Mindanao,
_c2021.
300 _avolume 13, pages 453-471,
_billustration.
500 _aResearch Journal, v. 13, iss. 1, pages 453-471, 2021.
700 _a Fondevilla, Rocky III J.
_eauthor.
_962285
700 _aGarcia, Ruin.
_eauthor.
_965083
700 _aPelayo, Anthony Jay.
_eauthor.
_965084
700 _aTaghoy, Darvin M.
_eauthor.
_965085
942 _2ddc
_cPER
999 _c22232
_d22232